Largest Cities & Towns in BULGARIA by First Letter - Statistics

General Stats
  • This quiz has been taken 157 times
  • The average score is 9 of 20
Answer Stats
Letter Population CITY/TOWN % Correct
S 1,204,685 Sofia
94%
B 200,271 Burgas
89%
P 338,153 Plovdiv
89%
V 334,870 Varna
89%
R 149,642 Ruse
76%
Y 74,132 Yambol
65%
D 101,030 Dobrich
61%
M 43,781 Montana
59%
H 76,397 Haskovo
58%
G 58,930 Gabrovo
48%
A 50,846 Asenovgrad
44%
L 36,600 Lovech
42%
T 37,611 Targovishte
32%
N 23,325 Nova Zagora
14%
Z 7,077 Zlatograd
13%
I 8,829 Isperih
11%
C 16,133 Chirpan
10%
E 10,750 Etropole
8%
O 8,612 Omurtag
8%
K 47,325 Kasanlak
1%
No matching quizzes found
Score Distribution
Percent of People with Each Score
Percentile by Number Answered
Your Score History
You have not taken this quiz